Горение : (Record no. 140477)
[ view plain ]
| 000 -LEADER | |
|---|---|
| fixed length control field | 00805nam a2200217 a 4500 |
| 001 - CONTROL NUMBER | |
| control field | 000367402 |
| 003 - CONTROL NUMBER IDENTIFIER | |
| control field | AM-YeHGA |
| 005 - DATE AND TIME OF LATEST TRANSACTION | |
| control field | 20250617131818.0 |
| 008 - FIXED-LENGTH DATA ELEMENTS--GENERAL INFORMATION | |
| fixed length control field | 041007s1984 ||| r 000 0 rus d |
| 040 ## - CATALOGING SOURCE | |
| Original cataloging agency | AM-YeHGA |
| 041 0# - LANGUAGE CODE | |
| Language code of text/sound track or separate title | rus |
| 090 ## - LOCALLY ASSIGNED LC-TYPE CALL NUMBER (OCLC); LOCAL CALL NUMBER (RLIN) | |
| -- | 141855 |
| 100 1# - MAIN ENTRY--PERSONAL NAME | |
| Personal name | Яковлев, Георгий Николаевич |
| 245 10 - TITLE STATEMENT | |
| Title | Горение : |
| Remainder of title | Докум. повесть [о Н.А. Островском] / |
| Statement of responsibility, etc. | Георгий Яковлев; Худож. Ю. Иванов. |
| 260 ## - PUBLICATION, DISTRIBUTION, ETC. | |
| Place of publication, distribution, etc. | Москва : |
| Name of publisher, distributor, etc. | Мол. гвардия, |
| Date of publication, distribution, etc. | 1984. |
| 300 ## - PHYSICAL DESCRIPTION | |
| Extent | 192 с. : |
| Other physical details | ил. |
| 440 #0 - SERIES STATEMENT/ADDED ENTRY--TITLE | |
| Title | Герои комсомола |
| 600 14 - SUBJECT ADDED ENTRY--PERSONAL NAME | |
| Personal name | Островский, Николай Арексеевич, |
| Dates associated with a name | 1904-1936 |
| 650 14 - SUBJECT ADDED ENTRY--TOPICAL TERM | |
| Topical term or geographic name entry element | Комсомольцы (х. л.) |
| 700 1# - ADDED ENTRY--PERSONAL NAME | |
| Personal name | Иванов, Ю. |
| Relator term | худож. |
| Relationship | art |
| Withdrawn status | Lost status | Damaged status | Not for loan | Collection | Home library | Current library | Date acquired | Total checkouts | Full call number | Barcode | Date last seen | Price effective from | Koha item type | Public note |
|---|---|---|---|---|---|---|---|---|---|---|---|---|---|---|
| General | Fundamental Scientific Library | Fundamental Scientific Library | 22/12/2016 | 882(092)Островский | 110053796 | 22/12/2016 | 22/12/2016 | Գրքեր / Books | Two weeks Loan |
ՀՀ Գիտությունների ազգային ակադեմիայի հիմնարար գիտական գրադարան = Fundamental Scientific Library of NAS RA
All site content, except where otherwise noted, is licensed under a